000 00474nam a2200169Ia 4500
003 GCL
008 140319s9999 xx 000 0 ara d
040 _aGCL /
_cGCL
082 0 4 _a823.03
_bهـ?ن
100 1 _aمحمد مفيد الشوباش
245 1 0 _aنافخ البوق /
_cمحمد مفيد الشوباش
700 1 _aهاردى, توماس
490 _aكتاب
_v0
650 0 4 _aالادب الانجليزى
650 0 4 _aالدباغة
942 _2ddc
_cBK
999 _c41801
_d41801